Elképzelések és lehetőségek

Elmentve itt :
Bibliográfiai részletek
Szerző: PÁPAI Judit
Adatforrás:Meister
Forrásdokumentuma:A Hét. -
12 sz., 1994, 11 p.
Nyelv:magyar
Kulcsszavak:riport (közéleti)
román egészségügy
LEADER 00359nab a2200133 i 4500
001 bibPRO00005609
008 060524s1994 xx hun
040 |a Sz1 
041 |a hun 
100 1 |a PÁPAI Judit 
245 1 0 |a Elképzelések és lehetőségek  |c PÁPAI Judit 
695 |a riport (közéleti) 
695 |a román egészségügy 
773 0 |t A Hét. -  |g 12 sz., 1994, 11 p.